000 00672nam a2200181Ia 4500
008 100921s9999 xx 000 0 und d
082 _b37571
_a891.467 न 01
100 _aभुर्के श्याम.
245 _aपुल एक आनंदयात्रा.
260 _bसन पब्लिकेशन,पुणे.
_c2001
300 _a90
_b---
365 _b60
520 _aललित-विनोदी साहित्य.
630 _aपुल एक आनंदयात्रा.
650 _aललित-विनोदी साहित्य.
730 _aपुल एक आनंदयात्रा.
942 _cBOOK
999 _c786684
_d786681